|
|
|
|
| LEADER |
01185nam a22002537a 4500 |
| 001 |
AAL6883 |
| 003 |
BD-DhAAL |
| 005 |
20160307180534.0 |
| 008 |
160307s 2005bg a|||| b||| 00| 0 ben d |
| 020 |
|
|
|a 9844585112
|
| 040 |
|
|
|a BD-DhAAL
|c BD-DhAAL
|
| 082 |
|
|
|a 934.0995492
|
| 100 |
|
|
|a শারমিন, দিলরুবা
|9 18382
|
| 245 |
|
|
|a বাংলাদেশের প্রত্নবস্তু :
|b প্রাচীন যুগ /
|c দিলরুবা শারমিন, সম্পাদনা একে এম শাহনাওয়াজ
|
| 260 |
|
|
|a ঢাকা :
|b সময় প্রকাশন,
|c ২০০৫
|
| 300 |
|
|
|a ১৪৯ পৃ. :
|b চিত্র ;
|c ২২ সে.মি.
|
| 504 |
|
|
|6 Includes bibliographies
|
| 541 |
|
|
|e 6883
|
| 650 |
|
|
|a Excavations(Archaeology)
|z Bangladesh.
|9 18383
|
| 700 |
|
|
|a শাহনাওয়াজ, একে এম
|9 18384
|
| 852 |
|
|
|a Savar Campus Library
|c General Shelf
|
| 942 |
|
|
|2 ddc
|c BK
|
| 999 |
|
|
|c 37054
|d 37054
|
| 952 |
|
|
|0 0
|1 0
|2 ddc
|4 0
|6 934_099549200000000_SHA
|7 0
|9 58302
|a SCL
|b SCL
|c GEN
|d 2016-03-07
|g 125.00
|l 2
|m 11
|o 934.0995492 SHA
|p 3020006883
|r 2020-02-09
|s 2020-01-16
|t 1
|w 2016-03-07
|y BK
|